Statistics for Random Cities #2

Click here to take the quiz!

General Stats

  • This quiz has been taken 25 times
  • The average score is 9 of 15

Answer Stats

DescriptionCity% Correct
Largest city in New ZealandAuckland
96%
Largest city in AlaskaAnchorage
92%
Capital city of GreeceAthens
92%
A major city in EgyptAlexandria
88%
Capital city of Georgia (USA)Atlanta
88%
Capital city of the UAEAbu Dhabi
79%
Capital city of KazakhstanAstana
67%
Capital city of MadagascarAntananarivo
63%
Largest city of KazakhstanAlmaty
54%
One of the capital cities of YemenAden
50%
Russian city also known as ArchangelArkhangelsk
38%
Sea of Azov is named after this Russian cityAzov
29%
Name of an Israeli city and Brazilian stateAcre
13%
Capital city of NiueAlofi
13%
Name of an Armenian city and Russian cityArmavir
8%

Score Distribution

Percentile by Number Answered

Percent of People with Each Score

Your Score History

You have not taken this quiz